Normal view
MARC view
- العرنوسي، ضياء عويد حربي وآخرون، م.مشارك حيدر حاتم فالح العجرش، م.مشارك عارف حاتم هادي الجبوري، م.مشارك مشرق محمد مجول الجبوري
Entry Personal Name
001 - CONTROL NUMBER
- control field: 59920
003 - CONTROL NUMBER IDENTIFIER
- control field: JO-AjAnu
005 - DATE AND TIME OF LATEST TRANSACTION
- control field: 20230606083809.0
008 - FIXED-LENGTH DATA ELEMENTS
- fixed length control field: 230606|| aca||aabn | a|a d
040 ## - CATALOGING SOURCE
- Original cataloging agency: JO-AjAnu
- Transcribing agency: JO-AjAnu
100 ## - HEADING--PERSONAL NAME
- Personal name: العرنوسي، ضياء عويد حربي وآخرون، م.مشارك حيدر حاتم فالح العجرش، م.مشارك عارف حاتم هادي الجبوري، م.مشارك مشرق محمد مجول الجبوري
670 ## - SOURCE DATA FOUND
- Source citation: Work cat.: (JO-AjAnu)30557: العرنوسي، ضياء عويد حربي وآخرون، م.مشارك حيدر حاتم فالح العجرش، م.مشارك عارف حاتم هادي الجبوري، م.مشارك مشرق محمد مجول الجبوري, author, الادارة والاشراف التربوي